Invisible toilers and moilers : (Record no. 67868)

MARC details
000 -LEADER
fixed length control field 00442nam a22001457a 4500
005 - DATE AND TIME OF LATEST TRANSACTION
control field 20180531133720.0
020 ## - INTERNATIONAL STANDARD BOOK NUMBER
International Standard Book Number 8186618066
Terms of availability Rs. 300.00 (hbk)
035 ## - SYSTEM CONTROL NUMBER
System control number B-35060, B-035062
037 ## - SOURCE OF ACQUISITION
Stock number DPL
Source of stock number/acquisition ENG
100 ## - MAIN ENTRY--PERSONAL NAME
Personal name Ponnaian, M.
245 ## - TITLE STATEMENT
Title Invisible toilers and moilers :
Remainder of title Missing persons /
Statement of responsibility, etc by M. Ponnaian
260 ## - PUBLICATION, DISTRIBUTION, ETC. (IMPRINT)
Place of publication, distribution, etc Pondicherry
Name of publisher, distributor, etc P R Books
Date of publication, distribution, etc 1999
300 ## - PHYSICAL DESCRIPTION
Extent xiv, 238p.
Dimensions 18 cms.
942 ## - ADDED ENTRY ELEMENTS (KOHA)
Source of classification or shelving scheme Dewey Decimal Classification
Item type English Books
Classification part 363.2336
Call number suffix PON
Holdings
Withdrawn status Lost status Not for loan Collection code Home library Current library Date acquired Cost, normal purchase price Full call number Barcode Cost, replacement price Koha item type Source of acquisition
      Non-fiction Sarojini Nagar Sarojini Nagar 13/06/2012 300.00 363.2336 PON B-35060 300.00 English Books  
      Non-fiction Shahdara Branch Shahdara Branch 31/05/2018 300.00 363.2336 PON B-035062 300.00 English Books BPPD/PUB

© Delhi Public Library
Hit Counter
free hit counter